| 000 | 00863nam a22003490a 4500 | ||
|---|---|---|---|
| 001 | PT39283 | ||
| 003 | AR-LpoUNG | ||
| 005 | 20210131230614.0 | ||
| 008 | 191001s1980||||ag |||||||||||||||||spa d | ||
| 040 |
_aAR-LpoUNG _bspa _cAR-LpoUNG _eaacr |
||
| 041 | _aspa | ||
| 044 | _aag | ||
| 082 | 0 | _a982.063 257uni | |
| 100 | 1 | _aLandívar, Gustavo | |
| 245 | 1 | 3 | _aLa universidad de la violencia |
| 250 | _a1ª ed. | ||
| 260 |
_aBuenos Aires : _bDepalma, _c1980. |
||
| 300 |
_a189 p. : _bfot. |
||
| 650 | 4 | _aANALISIS HISTORICO | |
| 650 | 4 | _aARGENTINA | |
| 650 | 4 | _aCAMBIO SOCIAL | |
| 650 | 4 | _aHISTORIA POLITICA | |
| 650 | 4 | _aIDEOLOGIAS POLITICAS | |
| 650 | 4 | _aMOVIMIENTOS ESTUDIANTILES | |
| 650 | 4 | _aUNIVERSIDADES | |
| 650 | 4 | _aVIOLENCIA | |
| 651 | 4 | _aArgentina | |
| 653 | _aCORDOBAZO | ||
| 653 | _aPERONISMO | ||
| 905 | _a39283 | ||
| 942 | _cLIB | ||
| 999 |
_c4930 _d4930 |
||